000
00184 a2200097 4500
020
_a
9780582402874
041
_a
eng
100
_a
STEPHEN RABLEY
245
_a
THE TROY STONE
942
_c
BK
999
_c
6902
_d
6902